| 000 | 00659nam a2200217 a 4500 | ||
|---|---|---|---|
| 999 |
_c1506 _d1506 |
||
| 001 | 1506 | ||
| 003 | BD-JhCC | ||
| 005 | 20171021094052.0 | ||
| 008 | 171021s1988 bg |||| ||a| 000 0 ben d | ||
| 035 | _a(BD-JhCC)1506 | ||
| 040 |
_aBD-JhCC _dBD-JhCC |
||
| 041 | _aben | ||
| 082 |
_a891.4435 _bSAM 1988 |
||
| 100 | _aশামসুদ্দীন, আবু জাফর | ||
| 245 |
_aনির্বাচিত গল্প / _cআবু জাফর শামসুদ্দীন |
||
| 260 |
_aঢাকা : _bমুক্তধারা, _c1988. |
||
| 300 |
_a152 p. : _c21 cm. |
||
| 650 | _aBengali Literature | ||
| 942 |
_2ddc _cBK |
||